| 000 | 00539nam a22002057a 4500 | ||
|---|---|---|---|
| 003 | LK-CoMWRAF | ||
| 005 | 20231230115845.0 | ||
| 008 | 231029b |||||||| |||| 00| 0 eng d | ||
| 020 | _a9789555520430 | ||
| 040 |
_aLK-CoMWRAF _dLK-CoMWRAF _eLK-CoMWRAF |
||
| 041 | _aeng | ||
| 082 |
_a823 _bSUR |
||
| 100 | _aSuraweera, A. V. | ||
| 245 | _aThe faithful wife of a politician | ||
| 260 |
_aColombo : _bLake house, _c1989 |
||
| 300 | _a[iv], 97p. 22cm | ||
| 650 | _aEnglish Fiction | ||
| 650 | _aEnglish Fiction--Sri Lanka | ||
| 942 | _cBK | ||
| 999 |
_c4040 _d4040 |
||